Aniceto, el vencecanguelos / (Record no. 27226)

MARC details
000 -LEADER
fixed length control field 01826aam a2200481Ia 4500
001 - CONTROL NUMBER
control field sjds1444302
003 - CONTROL NUMBER IDENTIFIER
control field sjds
005 - DATE AND TIME OF LATEST TRANSACTION
control field 20220710141020.0
008 - FIXED-LENGTH DATA ELEMENTS--GENERAL INFORMATION
fixed length control field 040127t20011981sp a b 000 1 spa d
020 ## - INTERNATIONAL STANDARD BOOK NUMBER
International Standard Book Number 8434809028 (paperback)
020 ## - INTERNATIONAL STANDARD BOOK NUMBER
International Standard Book Number 9788434809024 (paperback)
035 ## - SYSTEM CONTROL NUMBER
System control number (OCoLC)54089775
040 ## - CATALOGING SOURCE
Original cataloging agency DVA
Language of cataloging eng
Transcribing agency DVA
Modifying agency BAKER
-- BTCTA
-- OCLCQ
-- OCLCF
-- OCLCQ
-- OCLCO
-- IFA
041 ## - LANGUAGE CODE
Language code of text/sound track or separate title spa
049 ## - LOCAL HOLDINGS (OCLC)
Holding library IFAA
099 ## - LOCAL FREE-TEXT CALL NUMBER (OCLC)
Filing suffix 2001
999 ## - SYSTEM CONTROL NUMBERS (KOHA)
Koha Dewey Subclass [OBSOLETE] ESPANOL CHILDREN FICTION ARMIJO 2001
100 1# - MAIN ENTRY--PERSONAL NAME
Personal name Armijo, Consuelo,
Relator term author.
245 10 - TITLE STATEMENT
Title Aniceto, el vencecanguelos /
Statement of responsibility, etc. Consuelo Armijo ; [ilustraciones de cubierta, Margarita Puncel].
250 ## - EDITION STATEMENT
Edition statement Primera edicion.
260 ## - PUBLICATION, DISTRIBUTION, ETC. (IMPRINT)
Place of publication, distribution, etc. Madrid :
Name of publisher, distributor, etc. Ediciones SM,
Date of publication, distribution, etc. 2000, c1981.
300 ## - PHYSICAL DESCRIPTION
Extent 155 pages :
Other physical details illustrations ;
Dimensions 19 cm.
336 ## - CONTENT TYPE
Content type term text
Content type code txt
Source rdacontent
337 ## - MEDIA TYPE
Media type term unmediated
Media type code n
Source rdamedia
338 ## - CARRIER TYPE
Carrier type term volume
Carrier type code nc
Source rdacarrier
490 1# - SERIES STATEMENT
Series statement El barco de vapor ;
Volume/sequential designation 4
520 ## - SUMMARY, ETC.
Summary, etc. Aniceto is a fearful boy who has a rich imagination. He has to confront fears such as a visit from his aunt and uncle, a small airplane ride, the ridicule of friends, and even his chemistry teacher. When Aniceto excels at his first job, he becomes a more mature person.
521 1# - TARGET AUDIENCE NOTE
Target audience note A partir de 7 a?os.
586 ## - AWARDS NOTE
Awards note Premio C.C.E.I., 1982.
586 ## - AWARDS NOTE
Awards note Premio Lazarillo, 1974.
586 ## - AWARDS NOTE
Awards note Premio El Barco de Vapor, 1978.
586 ## - AWARDS NOTE
Awards note Premio C.C.E.I., 1982.
586 ## - AWARDS NOTE
Awards note Premio Lazarillo, 1974.
586 ## - AWARDS NOTE
Awards note Premio El Barco de Vapor, 1978.
586 ## - AWARDS NOTE
Awards note Premio C.C.E.I., 1982.
586 ## - AWARDS NOTE
Awards note Premio Lazarillo, 1974.
586 ## - AWARDS NOTE
Awards note Premio El Barco de Vapor, 1978.
650 #0 - SUBJECT ADDED ENTRY--TOPICAL TERM
Topical term or geographic name as entry element Fear
Form subdivision Juvenile fiction.
650 #7 - SUBJECT ADDED ENTRY--TOPICAL TERM
Topical term or geographic name as entry element Miedo
Form subdivision Novela juvenil.
Source of heading or term bidex
700 1# - ADDED ENTRY--PERSONAL NAME
Personal name Puncel, Margarita.
830 #0 - SERIES ADDED ENTRY--UNIFORM TITLE
Uniform title Barco de vapor.
Name of part/section of a work Serie azul ;
Volume number/sequential designation 4.
942 ## - ADDED ENTRY ELEMENTS (KOHA)
Koha item type Libro/Book
Holdings
Withdrawn status Lost status Damaged status Not for loan Home library Current library Shelving location Date acquired Inventory number Total Checkouts Full call number Barcode Date last seen Date checked out Price effective from Koha item type
        San Juan Del Sur -- Mobile San Juan Del Sur -- Biblioteca General Stacks 10/07/2022 Inventory date: 15-5-25 1 JFI 33016474 28/10/2024 12/10/2024 10/07/2022 Libro/Book
        San Juan Del Sur -- Mobile San Juan Del Sur -- Mobile   10/07/2022 Inventory date: 27-2-25 4 JFI 33016475 31/10/2024 15/08/2024 10/07/2022 Libro/Book

Powered by Koha